Kỹ thuật sửa chữa xe gắn máy
Giới thiệu phương pháp tìm các hư hỏng, tháo ráp, kiểm tra sửa chữa, bảo dưỡng sử dụng các loại xe máy hãng Minsk, Simson, Suzuki, Yamaha, Honda...
Đã lưu trong:
| Hovedforfatter: | |
|---|---|
| Format: | Bog |
| Sprog: | Undetermined |
| Udgivet: |
Hà Nội
Thanh Niên
1999
|
| Fag: | |
| Tags: |
Tilføj Tag
Ingen Tags, Vær først til at tagge denne postø!
|
| Thư viện lưu trữ: | Trung tâm Học liệu Trường Đại học Cần Thơ |
|---|
| LEADER | 00796nam a2200217Ia 4500 | ||
|---|---|---|---|
| 001 | CTU_39457 | ||
| 008 | 210402s9999 xx 000 0 und d | ||
| 020 | |c 20000 | ||
| 082 | |a 629.28775 | ||
| 082 | |b H450 | ||
| 100 | |a Trần, Phương Hồ | ||
| 245 | 0 | |a Kỹ thuật sửa chữa xe gắn máy | |
| 245 | 0 | |c Trần Phương Hồ | |
| 260 | |a Hà Nội | ||
| 260 | |b Thanh Niên | ||
| 260 | |c 1999 | ||
| 520 | |a Giới thiệu phương pháp tìm các hư hỏng, tháo ráp, kiểm tra sửa chữa, bảo dưỡng sử dụng các loại xe máy hãng Minsk, Simson, Suzuki, Yamaha, Honda... | ||
| 650 | |a Motorcycles | ||
| 650 | |x Maintenance and repair | ||
| 904 | |i Minh | ||
| 980 | |a Trung tâm Học liệu Trường Đại học Cần Thơ | ||